Online Catalogue and eLibrary

Two hundred years after the French revolution : (Record no. 3515)

MARC details
000 -LEADER
fixed length control field 00534nam a2200181Ia 4500
005 - DATE AND TIME OF LATEST TRANSACTION
control field 20250115024646.0
008 - FIXED-LENGTH DATA ELEMENTS--GENERAL INFORMATION
fixed length control field 240331s9999 xx 000 0 und d
020 ## - INTERNATIONAL STANDARD BOOK NUMBER
ISBN 955260009X
082 ## - DDC Classification
Item Number - Author Mark TWO
Class No. 944
100 ## - MAIN ENTRY--PERSONAL NAME
Personal name Buultjens, R
245 #0 - TITLE STATEMENT
Title Two hundred years after the French revolution :
Remainder of title lectures in commemoration of the bicentenary of the French revolution
260 ## - PUBLICATION, DISTRIBUTION, ETC.
Place of publication, distribution, etc. Kandy
Name of publisher, distributor, etc. Institute if Fundamental Studies
Date of publication, distribution, etc. 1990
300 ## - PHYSICAL DESCRIPTION
Extent (e.g. Volumes, Pages etc.) Vii, 130 p .,
650 ## - SUBJECT ADDED ENTRY--TOPICAL TERM
Topical term or geographic name entry element History
650 ## - SUBJECT ADDED ENTRY--TOPICAL TERM
Topical term or geographic name entry element Buddhism
650 ## - SUBJECT ADDED ENTRY--TOPICAL TERM
Topical term or geographic name entry element History
942 ## - Koha item type (Biblio)
Koha item type Books in Stacks (Lending)
Holdings
Lost status Damaged status Collection code Home library Current library Shelving location Date acquired Full call number Accession Number Item type
    Lending WERC Library WERC Library Social Science Cupboard 03/31/2024 944 TWO 78 Books in Stacks (Lending)

© WERC Library